Aventinus és a magyar őstörténet
Elmentve itt :
| Szerző: | |
|---|---|
| További közreműködők: | |
| Dokumentumtípus: | Szakdolgozat |
| Tárgyszavak: | |
| Online Access: | http://diploma.bibl.u-szeged.hu/143799 |
| LEADER | 00572nta a2200169 i 4500 | ||
|---|---|---|---|
| 001 | dipl143799 | ||
| 005 | 20250513100508.0 | ||
| 008 | 241219suuuu hu om 000 hun d | ||
| 040 | |a SZTE Diploma Repozitórium |b hun | ||
| 041 | |a hun | ||
| 100 | 1 | |a Hevér László | |
| 245 | 1 | 0 | |a Aventinus és a magyar őstörténet |h [elektronikus dokumentum] / |c László Hevér |
| 650 | 4 | |a Bölcsészettudományok | |
| 650 | 4 | |a Humanities | |
| 650 | 4 | |a History | |
| 700 | 0 | 1 | |a Karácsonyi Béla |e ths |
| 856 | 4 | 0 | |u https://diploma.bibl.u-szeged.hu/id/eprint/143799/1/xxxx_hever_laszlo.pdf |z Dokumentum-elérés |